|
|
|
|
| LEADER |
00000nta a2200000 i 4500 |
| 001 |
dolg18339 |
| 005 |
20190301092036.0 |
| 008 |
181203suuuu hu om 000 eng d |
| 040 |
|
|
|a BGE Dolgozattár Repozitórium
|b hun
|
| 041 |
|
|
|a en
|
| 100 |
1 |
|
|a Huang Linjing
|
| 245 |
1 |
0 |
|a How does digitalization affect the retail industry
|c Huang Linjing
|h [elektronikus dokumentum]
|
| 246 |
1 |
1 |
|a How does digitalization affect the retail industry
|
| 695 |
|
|
|a Retail industry
|
| 695 |
|
|
|a Digitalization
|
| 700 |
1 |
|
|a Kozák Tamás
|e ths
|
| 856 |
4 |
0 |
|u http://dolgozattar.uni-bge.hu/18339/1/Huang%20Linjing_Dissertation.pdf
|z Dokumentum-elérés
|